| 000 | 00480nam a2200181Ia 4500 | ||
|---|---|---|---|
| 005 | 20250923144547.0 | ||
| 008 | 008 250917s9999 xx 000 0 eng d | ||
| 037 | _aReports | ||
| 040 |
_aDSWL _beng _cDSWL |
||
| 041 |
_aeng _2eng |
||
| 084 | _qDSWL | ||
| 100 |
_aCole, G.D.H. _9826106 |
||
| 245 | 4 |
_aThe common People 1746-1946 _cby G.D.H. Cole |
|
| 260 |
_aLondon _bMacmillan & Co _c1956 |
||
| 300 | _ax,742 p. | ||
| 942 | _cREP | ||
| 999 |
_c1440494 _d1440494 |
||